| 000 | 00475nam a22001577a 4500 | ||
|---|---|---|---|
| 999 |
_c60668 _d60668 |
||
| 005 | 20231005100224.0 | ||
| 008 | 231005s1983 enk||||| |||| 00| 0 eng d | ||
| 041 | _aeng | ||
| 080 | _a902 H-25 | ||
| 100 |
_aHarden, Donald B. _920001 |
||
| 245 |
_aSir Arthur Evans, 1851-1941 / _cDonald B. Harden. |
||
| 264 |
_aOxford, _c1983. |
||
| 300 |
_a48 p. : _bill.; _c21 cm. |
||
| 653 | _aსერ არტურ ევანსი, მემუარები | ||
| 942 |
_2udc _cBK |
||